000 00882nmm a2200277 a 4500
001 ocm0001349689
003 TR-IsHL
005 20201028161203.0
008 161016s2012 tu tur
007 cr cn
020 _a9786051310794
035 _a1349689
_b(N$T)
050 0 4 _aPZ90.A83
_bO38
090 0 4 _aPZ90.A83
_bO38
100 1 _aAsal, Yusuf
245 1 0 _aOkulda uzaylı avı
_h[electronic resource] /
_cYusuf Asal ; çizen Ahmet Demirtaş
260 _aİstanbul :
_bNesil Çocuk Yayınları,
_c2012
300 _a113 p.
650 4 _aDil ve Edebiyat
650 4 _aLanguage and Literature
650 0 _aÇocuk hikayeleri, Türk
650 0 _aChildren story, Turkish
650 7 _aJUVENILE FICTION / General
_2bisacsh
700 1 _aDemirtaş, Ahmet
856 4 0 _uhttp://search.ebscohost.com/login.aspx?direct=true&scope=site&db=e011xww&AN=1349689
999 _c13991
_d13991